|
|
|
|
| LEADER |
03039nam a2200721 i 4500 |
| 001 |
nkc20183010141 |
| 003 |
CZ PrNK |
| 005 |
20190327103254.0 |
| 007 |
ta |
| 008 |
180724s2018 xr ae e 000 0 cze |
| 015 |
|
|
|a cnb003010141
|
| 020 |
|
|
|a 978-80-88240-02-0
|q (brožováno)
|
| 035 |
|
|
|a (OCoLC)1085395485
|
| 040 |
|
|
|a BOA001
|b cze
|e rda
|
| 041 |
1 |
|
|a cze
|a eng
|h cze
|
| 043 |
|
|
|a e-xr---
|b e-xr-jm
|2 czenas
|
| 045 |
|
|
|a v-y-
|
| 072 |
|
7 |
|a 677
|x Textilní průmysl
|2 Konspekt
|9 19
|
| 080 |
|
|
|a 677
|2 MRF
|
| 080 |
|
|
|a 677:334.716
|2 MRF
|
| 080 |
|
|
|a 725.1:338.45
|2 MRF
|
| 080 |
|
|
|a 338.45(091)
|2 MRF
|
| 080 |
|
|
|a (437.322)
|2 MRF
|
| 080 |
|
|
|a (048.8)
|2 MRF
|
| 080 |
|
|
|a (084.12)
|2 MRF
|
| 100 |
1 |
|
|a Ryšková, Michaela
|7 mzk2008479398
|4 aut
|
| 245 |
1 |
0 |
|a Brnem textilním =
|b Brno's textile heritage /
|c Michaela Ryšková ; překlad Christopher Hopkinson
|
| 246 |
3 |
1 |
|a Brno's textile heritage
|
| 264 |
|
1 |
|a Ostrava :
|b Národní památkový ústav,
|c 2018
|
| 300 |
|
|
|a 136 stran :
|b ilustrace (převážně barevné), plány ;
|c 21 cm
|
| 336 |
|
|
|a text
|b txt
|2 rdacontent
|
| 337 |
|
|
|a bez média
|b n
|2 rdamedia
|
| 338 |
|
|
|a svazek
|b nc
|2 rdacarrier
|
| 504 |
|
|
|a Obsahuje bibliografii a bibliografické odkazy
|
| 546 |
|
|
|a Souběžný anglický text
|
| 648 |
|
7 |
|a 18.-21. století
|7 ch757020
|2 czenas
|
| 650 |
0 |
7 |
|a textilní průmysl
|7 ph116446
|z Česko
|y 18.-21. století
|2 czenas
|
| 650 |
0 |
7 |
|a textilní podniky
|7 ph497311
|z Česko
|y 18.-21. století
|2 czenas
|
| 650 |
0 |
7 |
|a průmyslové stavby
|7 ph124751
|z Česko
|y 18.-21. století
|2 czenas
|
| 650 |
0 |
7 |
|a průmyslová architektura
|7 ph945464
|z Česko
|2 czenas
|
| 650 |
0 |
7 |
|a dějiny průmyslu
|7 ph488969
|z Česko
|2 czenas
|
| 650 |
0 |
9 |
|a textile industry
|z Czechia
|y 18th-21st centuries
|2 eczenas
|
| 650 |
0 |
9 |
|a textile enterprises
|z Czechia
|y 18th-21st centuries
|2 eczenas
|
| 650 |
0 |
9 |
|a industrial buildings
|z Czechia
|y 18th-21st centuries
|2 eczenas
|
| 650 |
0 |
9 |
|a industrial architecture
|z Czechia
|2 eczenas
|
| 650 |
0 |
9 |
|a history of industry
|z Czechia
|2 eczenas
|
| 651 |
|
7 |
|a Brno (Česko)
|7 ge134084
|2 czenas
|
| 651 |
|
9 |
|a Brno (Czechia)
|2 eczenas
|
| 655 |
|
7 |
|a monografie
|7 fd132842
|2 czenas
|
| 655 |
|
7 |
|a fotografické publikace
|7 fd132276
|2 czenas
|
| 655 |
|
9 |
|a monographs
|2 eczenas
|
| 655 |
|
9 |
|a photographical works
|2 eczenas
|
| 700 |
1 |
|
|a Hopkinson, Christopher,
|d 1973-
|7 ola2006345502
|4 trl
|
| 700 |
1 |
2 |
|a Ryšková, Michaela.
|t Brnem textilním
|
| 700 |
1 |
2 |
|a Ryšková, Michaela.
|t Brnem textilním.
|l Anglicky
|
| 856 |
4 |
1 |
|u http://www.digitalniknihovna.cz/mzk/uuid/uuid:a2051fc0-8318-11ea-a8e8-005056827e51
|y Digitalizovaný dokument
|x NDK
|
| 910 |
2 |
|
|a BOA001
|b 2-1419.220
|
| 990 |
|
|
|a BK
|
| 995 |
|
|
|a 01
|
| 991 |
|
|
|b 201812
|c NOV
|
| 996 |
6 |
|
|b 2610762782
|c 2-1419.220
|l MZK
|r Sklad / do 1 hodiny
|n 17
|p p.v.
|w 001699211
|u 000010
|a 1
|e BOA001
|j MZK50
|s P
|
| 996 |
6 |
|
|b 2610776674
|c 2-1419.220
|l MZK
|r STM 6p
|n 0
|p kup
|h 677 RYŠ
|w 001699211
|u 000020
|a 0
|e BOA001
|j MZK50
|s P
|
| 996 |
7 |
|
|b 2610776675
|c 2-1419.220
|l Vol.výběr
|r VV 1p
|n 21
|p kup
|h 677 RYŠ
|w 001699211
|u 000030
|a 0
|e BOA001
|j MZK50
|s A
|